[Event "Frankfurt Ch 2013"]
[Site "Ffm-Kalbach, LAZ"]
[Date "2013.05.13"]
[Round "3.26"]
[White "Weiland, Thomas"]
[Black "Penzel, Nils"]
[Result "0-1"]
[WhiteElo "1787"]
[BlackElo "2062"]
[PlyCount "100"]
[EventDate "2013.??.??"]
[WhiteTeam "SV Oberursel"]
[BlackTeam "SSG Rödermark/Eppertshausen"]

1. e4 e6 2. Nf3 d5 3. exd5 exd5 4. d4 Bd6 5. Bb5+ c6 6. Bd3 Bg4 7. O-O Nd7 8.
h3 Bh5 9. Nc3 Qc7 10. Re1+ Ne7 11. Bg5 f6 12. Bd2 O-O-O 13. a4 g5 14. b4 Rdg8
15. b5 c5 16. a5 c4 17. b6 axb6 18. Nb5 Qb8 19. Nxd6+ Qxd6 20. Be2 Nc6 21. axb6
Nxb6 22. Ba5 Nd7 23. Nh2 Bxe2 24. Rxe2 Re8 25. Bc3 Rxe2 26. Qxe2 Qe7 27. Ra8+
Ndb8 28. Qg4+ Qd7 29. Qg3 h5 30. Nf1 h4 31. Qf3 Qe6 32. Ne3 Rd8 33. Ba5 Rd7 34.
c3 b6 35. Bb4 Nxb4 36. cxb4 Kb7 37. Ra1 Nc6 38. Rd1 Nxb4 39. Nxc4 Qe4 40. Qb3
dxc4 41. Qxb4 Rxd4 42. Re1 Qd5 43. Qe7+ Ka6 44. Ra1+ Kb5 45. Rb1+ Kc6 46. Qxf6+
Qd6 47. Qxg5 Rd1+ 48. Rxd1 Qxd1+ 49. Kh2 c3 50. Qf6+ Qd6+ 0-1

[Event "Frankfurt Ch 2013"]
[Site "Ffm-Kalbach, LAZ"]
[Date "2013.05.13"]
[Round "3.27"]
[White "Marzahn, Heiko"]
[Black "Schneider, Marco"]
[Result "1-0"]
[WhiteElo "2037"]
[BlackElo "1778"]
[PlyCount "73"]
[EventDate "2013.??.??"]
[WhiteTeam "Sfr.Erbach"]
[BlackTeam "SC Nidderau"]

1. e4 g6 2. d4 Bg7 3. Nc3 d6 4. f4 e6 5. Nf3 Ne7 6. Be3 Nd7 7. Qd2 a6 8. Bd3 b5
9. f5 exf5 10. exf5 Nf6 11. fxg6 fxg6 12. O-O-O O-O 13. Bh6 c5 14. dxc5 dxc5
15. Bxg7 Kxg7 16. Qg5 Qb6 17. Ne5 Ra7 18. Rhe1 c4 19. Be4 Qc5 20. Bf3 b4 21.
Ne4 Nxe4 22. Rxe4 Rf5 23. Qe3 Qxe3+ 24. Rxe3 Rc7 25. Nxc4 Rfc5 26. b3 Nf5 27.
Ree1 a5 28. Rd8 a4 29. Re5 Rxe5 30. Nxe5 axb3 31. axb3 Be6 32. Kd2 Kf6 33. Nd3
Ke7 34. Rb8 Nd4 35. Nxb4 Nxf3+ 36. gxf3 Rd7+ 37. Ke2 1-0

[Event "Frankfurt Ch 2013"]
[Site "Ffm-Kalbach, LAZ"]
[Date "2013.05.13"]
[Round "3.29"]
[White "Achtmann, Armin"]
[Black "Klein, Markus"]
[Result "1-0"]
[WhiteElo "1984"]
[BlackElo "1771"]
[PlyCount "69"]
[EventDate "2013.??.??"]
[WhiteTeam "TuS Dotzheim"]
[BlackTeam "SC 1979 Hattersheim"]

1. Nf3 Nf6 2. b3 c5 3. Bb2 Nc6 4. e3 g6 5. Be2 Bg7 6. O-O O-O 7. d4 cxd4 8.
Nxd4 a6 9. Nd2 d5 10. c4 e6 11. Rc1 Bd7 12. a3 Re8 13. N2f3 Rc8 14. b4 Nxd4 15.
Bxd4 dxc4 16. Bxc4 b5 17. Bb3 Bc6 18. Ne5 Bb7 19. Rxc8 Qxc8 20. Qa1 Qa8 21. f3
Rd8 22. Rc1 Ne8 23. Qa2 Rc8 24. Rd1 Nc7 25. Nd7 Bxd4 26. exd4 Nd5 27. Bxd5 Bxd5
28. Qd2 Qb7 29. Nf6+ Kg7 30. Qg5 h6 31. Qe5 Kf8 32. Nxd5 Qxd5 33. Qh8+ Ke7 34.
Qxc8 Qb3 35. Qc1 1-0

[Event "Frankfurt Ch 2013"]
[Site "Ffm-Kalbach, LAZ"]
[Date "2013.05.13"]
[Round "3.30"]
[White "Willems, Matthias"]
[Black "Beck, Michael"]
[Result "1/2-1/2"]
[WhiteElo "1970"]
[BlackElo "1760"]
[PlyCount "84"]
[EventDate "2013.??.??"]
[WhiteTeam "SC Bad Nauheim"]
[BlackTeam "SC Flörsheim 1921"]

1. d4 d5 2. c4 c6 3. Nf3 Nf6 4. e3 Bg4 5. h3 Bxf3 6. Qxf3 e6 7. Nc3 Nbd7 8. Bd2
Be7 9. Bd3 O-O 10. O-O Re8 11. cxd5 exd5 12. Rfc1 Bd6 13. a3 a5 14. Re1 g6 15.
e4 dxe4 16. Nxe4 Nxe4 17. Bxe4 Nb6 18. Rad1 Nd5 19. g3 Bf8 20. Kg2 a4 21. h4 h5
22. Qd3 Bg7 23. Bg5 Qd7 24. Qc4 Re6 25. Bf3 b5 26. Qc5 Bf8 27. Qc2 Rae8 28.
Rxe6 Rxe6 29. g4 hxg4 30. Bxg4 f5 31. Bf3 Be7 32. Qd2 Bxg5 33. Qxg5 Qe7 34.
Bxd5 cxd5 35. Qxe7 Rxe7 36. Rd2 Rc7 37. Kg3 Kf7 38. Kf4 Kf6 39. f3 Rc4 40. Ke3
b4 41. axb4 Rxb4 42. Rc2 f4+ 1/2-1/2

[Event "Frankfurt Ch 2013"]
[Site "Ffm-Kalbach, LAZ"]
[Date "2013.05.13"]
[Round "3.31"]
[White "Böhle, Reinhard"]
[Black "Benikhis, Avram"]
[Result "1-0"]
[WhiteElo "1966"]
[BlackElo "1750"]
[PlyCount "75"]
[EventDate "2013.??.??"]
[WhiteTeam "SV Maintal 1934"]
[BlackTeam "SC Eschbach im Usinger Land"]

1. e4 e5 2. f4 d5 3. exd5 e4 4. d3 exd3 5. Bxd3 Nf6 6. Qe2+ Be7 7. Nc3 O-O 8.
Bd2 Re8 9. O-O-O Bc5 10. Qf1 Nxd5 11. Bxh7+ Kxh7 12. Qd3+ Kh8 13. Qxd5 Qxd5 14.
Nxd5 Na6 15. Nf3 Be6 16. Nc3 Nb4 17. a3 Nd5 18. Ne4 Bb6 19. Rde1 f6 20. c4 Bf5
21. Ng3 Ne3 22. b4 Nxc4 23. Nxf5 Nxa3 24. Rxe8+ Rxe8 25. Re1 Rxe1+ 26. Nxe1 Nc4
27. Kc2 a5 28. bxa5 Nxa5 29. Bxa5 Bxa5 30. Nf3 Kg8 31. N5d4 g6 32. Kd3 Kf7 33.
Kc4 Ke7 34. Nb3 Bb6 35. Nc5 Bxc5 36. Kxc5 Ke6 37. Nd4+ Ke7 38. g4 1-0

[Event "Frankfurt Ch 2013"]
[Site "Ffm-Kalbach, LAZ"]
[Date "2013.05.13"]
[Round "3.32"]
[White "Göbel, Andreas"]
[Black "Ivkin, Michael"]
[Result "1-0"]
[WhiteElo "1932"]
[BlackElo "1725"]
[PlyCount "117"]
[EventDate "2013.??.??"]
[WhiteTeam "SC Brett vor'm Kopp Ffm"]
[BlackTeam "Wiesbadener SV 1885"]

1. Nf3 d5 2. g3 c6 3. d4 Bf5 4. Bg2 Nd7 5. Nbd2 e6 6. b3 Bd6 7. Bb2 Qc7 8. c4
Bb4 9. O-O Ngf6 10. a3 Bxd2 11. Nxd2 O-O 12. Rc1 Rfe8 13. Re1 Rad8 14. b4 Qb8
15. f4 Ne4 16. Nxe4 Bxe4 17. Bxe4 dxe4 18. e3 f5 19. g4 Nf6 20. g5 Nd7 21. Qc2
Nf8 22. Qc3 Qc7 23. Re2 Qf7 24. Rg2 Ng6 25. Qe1 h6 26. Qe2 hxg5 27. Rxg5 Nh4
28. Kf1 Nf3 29. Rg3 Qh5 30. Qg2 Nxh2+ 31. Ke1 Ng4 32. Kd2 Qh2 33. Rxg4 Qxg2+
34. Rxg2 Kf7 35. Rcg1 Rg8 36. d5 g6 37. Bd4 exd5 38. cxd5 Rxd5 39. Rh1 b6 40.
Rc1 Rc8 41. Ke1 Rd6 42. Rh2 Ke6 43. Rh7 Rd7 44. Rxd7 Kxd7 45. Kf2 Rg8 46. Kg3
g5 47. fxg5 Rxg5+ 48. Kf4 Rh5 49. Rg1 Kd6 50. Rg5 Rxg5 51. Kxg5 c5 52. bxc5+
bxc5 53. Bb2 Ke6 54. Kf4 a6 55. a4 Kd5 56. Kxf5 Kc4 57. Kxe4 Kb3 58. Kd5 Kxb2
59. Kxc5 1-0

[Event "Frankfurt Ch 2013"]
[Site "Ffm-Kalbach, LAZ"]
[Date "2013.05.13"]
[Round "3.33"]
[White "Weber, Andreas"]
[Black "Ochmann, Reimund"]
[Result "1-0"]
[WhiteElo "1730"]
[BlackElo "1932"]
[PlyCount "103"]
[EventDate "2013.??.??"]
[WhiteTeam "SC Flörsheim 1921"]
[BlackTeam "SK Langen"]

1. e4 e5 2. d4 exd4 3. Qxd4 Nc6 4. Qe3 Nf6 5. Nc3 d6 6. Bd2 Be7 7. O-O-O O-O 8.
Qg3 Bg4 9. f3 Bh5 10. Nge2 Bg6 11. h4 a6 12. Nf4 Nh5 13. Qh2 Nxf4 14. Bxf4 h6
15. h5 Bh7 16. g4 b5 17. Kb1 Bf6 18. Nd5 Be5 19. g5 Bxf4 20. Nxf4 hxg5 21. h6
g6 22. Nd5 Ne5 23. f4 Ng4 24. Qg3 Nf6 25. Qc3 Ne8 26. fxg5 Qxg5 27. Rg1 Qe5 28.
Qe3 c6 29. Rg5 f5 30. Nb6 Rd8 31. Qb3+ Kh8 32. exf5 Rxf5 33. Rxf5 gxf5 34. Qb4
Nf6 35. Qh4 Rb8 36. Re1 Ne4 37. Nd7 Qd4 38. Qe7 Rg8 39. Nf8 Nf6 40. c3 Qh4 41.
Nxh7 Qxe1+ 42. Qxe1 Kxh7 43. Qe6 Kg6 44. Bd3 Re8 45. Qxf5+ Kf7 46. Qg6+ Ke7 47.
Qg7+ Ke6 48. h7 Nxh7 49. Qxh7 d5 50. Qg6+ Kd7 51. Bf5+ Kd8 52. Qd6# 1-0

[Event "Frankfurt Ch 2013"]
[Site "Ffm-Kalbach, LAZ"]
[Date "2013.05.13"]
[Round "3.34"]
[White "Ostermeier, Thorsten"]
[Black "Bittner, Peter"]
[Result "0-1"]
[WhiteElo "1931"]
[BlackElo "1714"]
[PlyCount "120"]
[EventDate "2013.??.??"]
[WhiteTeam "Sfr. Frankfurt 1921"]
[BlackTeam "SC 1961 König Nied"]

1. d4 Nf6 2. Nf3 g6 3. c4 Bg7 4. Nc3 d5 5. e3 c6 6. Be2 Nbd7 7. O-O O-O 8. b3
Re8 9. Ne5 Ne4 10. Nxe4 dxe4 11. Nxd7 Bxd7 12. Qc2 f5 13. Bb2 e6 14. Rfd1 Rc8
15. a4 Qg5 16. a5 Bf8 17. Qc3 Qf6 18. Qd2 Qf7 19. c5 a6 20. Bc4 Rcd8 21. Qe1
Bg7 22. Rd2 Bc8 23. Rc1 Bh6 24. Rcc2 Qc7 25. Bc3 f4 26. exf4 Bxf4 27. Re2 Bxh2+
28. Kh1 Bf4 29. Rxe4 Qf7 30. g3 Bc7 31. Qe3 Re7 32. Re2 Rf8 33. Kg2 Rfe8 34.
Qd3 Qf5 35. R4e3 Rf8 36. Rf3 Qxf3+ 37. Qxf3 Rxf3 38. Kxf3 Kf7 39. Kg4 h6 40. f4
Bd8 41. Kf3 Re8 42. b4 Bd7 43. Re1 Bf6 44. Rh1 Kg7 45. g4 g5 46. Bd3 gxf4 47.
g5 Bxg5 48. d5+ Kf7 49. d6 e5 50. Re1 Kf6 51. Re2 h5 52. Rh2 Bg4+ 53. Kf2 h4
54. Rg2 Bf5 55. Be2 h3 56. Rg1 Bh4+ 57. Kf1 Bg3 58. Bf3 Bd3+ 59. Be2 Be4 60. d7
Rd8 0-1

[Event "Frankfurt Ch 2013"]
[Site "Ffm-Kalbach, LAZ"]
[Date "2013.05.13"]
[Round "3.35"]
[White "Pauly, Markus"]
[Black "Siegismund, Florian"]
[Result "1-0"]
[WhiteElo "1930"]
[BlackElo "1705"]
[PlyCount "69"]
[EventDate "2013.??.??"]
[WhiteTeam "Sfr.Erbach"]
[BlackTeam "SK Bad Schwalbach"]

1. c4 Nf6 2. Nc3 e6 3. e4 d5 4. e5 d4 5. exf6 dxc3 6. bxc3 Qxf6 7. d4 e5 8. Nf3
exd4 9. Bg5 Qe6+ 10. Be2 f6 11. Nxd4 Qf7 12. Bh6 g6 13. Qd2 Bxh6 14. Qxh6 Qf8
15. Qf4 Qf7 16. Qh6 Qf8 17. Qf4 Qf7 18. O-O O-O 19. Nb5 Na6 20. Bf3 c6 21. Nd6
Qc7 22. Rfe1 Bf5 23. g4 Rad8 24. Rad1 Bc8 25. c5 Kh8 26. Qe3 b6 27. Qe7 Kg8 28.
Qxc7 Nxc7 29. Nxc8 Rxc8 30. cxb6 axb6 31. Bxc6 Rfd8 32. c4 Kf7 33. a4 Rxd1 34.
Rxd1 Ke6 35. Bd7+ 1-0

[Event "Frankfurt Ch 2013"]
[Site "Ffm-Kalbach, LAZ"]
[Date "2013.05.13"]
[Round "3.36"]
[White "Rauscher, Joachim"]
[Black "Kolker, Vladislav"]
[Result "1/2-1/2"]
[WhiteElo "1720"]
[BlackElo "1926"]
[PlyCount "57"]
[EventDate "2013.??.??"]
[WhiteTeam "SC Brett vor'm Kopp Ffm"]
[BlackTeam "SC Bad Nauheim"]

1. e4 c5 2. Nf3 d6 3. d4 cxd4 4. Nxd4 Nf6 5. Nc3 a6 6. Be3 e5 7. Nb3 Be6 8. f3
Nbd7 9. Qd2 b5 10. O-O-O Nb6 11. Qf2 Nfd7 12. Kb1 Be7 13. g4 O-O 14. h4 b4 15.
Nd5 Bxd5 16. exd5 a5 17. Bb5 a4 18. Nc1 Nc5 19. Nd3 b3 20. Bc6 bxa2+ 21. Ka1
Nxd3 22. Rxd3 Rb8 23. Rc3 f5 24. g5 f4 25. Bxb6 Rxb6 26. Bxa4 Qb8 27. Rb3 Rxb3
28. cxb3 Rc8 29. Kxa2 1/2-1/2

[Event "Frankfurt Ch 2013"]
[Site "Ffm-Kalbach, LAZ"]
[Date "2013.05.13"]
[Round "3.37"]
[White "Lemonidis, Christos"]
[Black "Seickel, Ralf"]
[Result "1/2-1/2"]
[WhiteElo "1714"]
[BlackElo "1921"]
[PlyCount "71"]
[EventDate "2013.??.??"]
[WhiteTeam "SC 1961 König Nied"]
[BlackTeam "vereinslos"]

1. e4 Nf6 2. d3 e5 3. Nf3 Nc6 4. g3 d5 5. Nbd2 Bc5 6. Nb3 Bb6 7. exd5 Qxd5 8.
Bg2 Qd6 9. O-O O-O 10. Qe2 Bg4 11. Be3 Rfe8 12. h3 Bh5 13. g4 Bg6 14. Nfd2 Nd4
15. Qd1 c6 16. Nc4 Qd7 17. Nxb6 axb6 18. Nxd4 exd4 19. Bf4 Nd5 20. Bg3 f5 21.
gxf5 Qxf5 22. Qd2 Bh5 23. Rfe1 Rxe1+ 24. Rxe1 Rxa2 25. Re5 Qf7 26. Bxd5 cxd5
27. Qg5 Ra1+ 28. Kh2 Bg6 29. Qd8+ Qf8 30. Qxd5+ Kh8 31. Qxd4 h6 32. Qg4 Be8 33.
f4 Bc6 34. Be1 Rc1 35. Re2 Qc5 36. Kg3 1/2-1/2

[Event "Frankfurt Ch 2013"]
[Site "Ffm-Kalbach, LAZ"]
[Date "2013.05.13"]
[Round "3.38"]
[White "Klyszcz, Michael"]
[Black "Bastian, Holger"]
[Result "1/2-1/2"]
[WhiteElo "1895"]
[BlackElo "1698"]
[PlyCount "40"]
[EventDate "2013.??.??"]
[WhiteTeam "SG 1871 Löberitz"]
[BlackTeam "Aschaffenburg- Schweinheim"]

1. c4 Nf6 2. Nc3 g6 3. g3 Bg7 4. Bg2 O-O 5. Nf3 d6 6. O-O e5 7. d3 Nbd7 8. Rb1
c6 9. b4 Re8 10. b5 d5 11. bxc6 bxc6 12. cxd5 cxd5 13. Nd2 Nb6 14. a4 Be6 15.
Ba3 a6 16. Nb3 Nbd7 17. Qd2 Rc8 18. e3 Bh6 19. h3 d4 20. Nd1 Nd5 1/2-1/2

[Event "Frankfurt Ch 2013"]
[Site "Ffm-Kalbach, LAZ"]
[Date "2013.05.13"]
[Round "3.39"]
[White "Markulic, Petar"]
[Black "Mußler, Thomas"]
[Result "0-1"]
[WhiteElo "1643"]
[BlackElo "1894"]
[PlyCount "60"]
[EventDate "2013.??.??"]
[WhiteTeam "vereinslos"]
[BlackTeam "SC Flörsheim 1921"]

1. e4 e6 2. d4 d5 3. e5 c5 4. c3 Nc6 5. f4 Qh4+ 6. g3 Qd8 7. Nf3 Qb6 8. b3 cxd4
9. cxd4 Bb4+ 10. Bd2 Bd7 11. Bxb4 Qxb4+ 12. Qd2 Nge7 13. Bd3 Qb6 14. Bc2 Nb4
15. a3 Nxc2+ 16. Qxc2 Rc8 17. Qb2 Bb5 18. Nbd2 Bd3 19. Rc1 Rxc1+ 20. Qxc1 O-O
21. Kf2 Rc8 22. Qa1 Qc6 23. Ke3 Nf5+ 24. Kf2 h5 25. Kg2 Ne3+ 26. Kh3 Qc2 27.
Re1 Bf5+ 28. Kh4 Ng2+ 29. Kxh5 Bg6+ 30. Kg4 Qf5# 0-1

[Event "Frankfurt Ch 2013"]
[Site "Ffm-Kalbach, LAZ"]
[Date "2013.05.13"]
[Round "3.40"]
[White "Dürmeier, Roland"]
[Black "Balzereit, Georg"]
[Result "1-0"]
[WhiteElo "1891"]
[BlackElo "1634"]
[PlyCount "37"]
[EventDate "2013.??.??"]
[WhiteTeam "SG Wächtersbach/Sotzbach"]
[BlackTeam "vereinslos"]

1. Nf3 c5 2. g3 d5 3. Bg2 Nf6 4. d3 Nc6 5. O-O e5 6. c4 d4 7. e3 Be7 8. exd4
exd4 9. Re1 O-O 10. Bg5 Bg4 11. h3 Bh5 12. a3 a5 13. g4 Bg6 14. Nh4 Re8 15.
Nxg6 hxg6 16. Nd2 Nh7 17. Bf4 Bg5 18. Bg3 Bh4 19. Rxe8+ 1-0

[Event "Frankfurt Ch 2013"]
[Site "Ffm-Kalbach, LAZ"]
[Date "2013.05.13"]
[Round "3.41"]
[White "Fischer, Lutz"]
[Black "Braunberger, Gerald"]
[Result "0-1"]
[WhiteElo "1603"]
[BlackElo "1883"]
[PlyCount "48"]
[EventDate "2013.??.??"]
[WhiteTeam "Sfr. Frankfurt 1921"]
[BlackTeam "SK Bad Homburg 1927"]

1. e4 Nf6 2. Nc3 e5 3. Nf3 Nc6 4. Bc4 Nxe4 5. Bxf7+ Kxf7 6. Nxe4 h6 7. Nxe5+
Kg8 8. Nxc6 bxc6 9. d4 Qh4 10. Qd3 a5 11. Be3 Ba6 12. Qb3+ Kh7 13. Nd2 Bd6 14.
c4 Rhe8 15. Qd3+ Kg8 16. Nf3 Bb4+ 17. Kf1 Qh5 18. Bd2 d5 19. b3 Bd6 20. Bxa5
dxc4 21. bxc4 Qxa5 22. g3 Qa3 23. Qxa3 Bxc4+ 24. Kg2 Rxa3 0-1

[Event "Frankfurt Ch 2013"]
[Site "Ffm-Kalbach, LAZ"]
[Date "2013.05.13"]
[Round "3.42"]
[White "Thomele, Michael"]
[Black "Riha, Peter"]
[Result "1-0"]
[WhiteElo "1828"]
[BlackElo "1604"]
[PlyCount "120"]
[EventDate "2013.??.??"]
[WhiteTeam "SC 1959 Obernau"]
[BlackTeam "SC Bergen-Enkheim 1922"]

1. e4 e5 2. Nf3 Nc6 3. Nc3 Nf6 4. d4 exd4 5. Nxd4 Bb4 6. Nxc6 bxc6 7. Bd3 d5 8.
exd5 cxd5 9. O-O O-O 10. Bg5 c6 11. a3 Be7 12. Re1 h6 13. Bh4 Bg4 14. Qc1 Re8
15. Rb1 c5 16. Bxf6 Bxf6 17. Rxe8+ Qxe8 18. Nxd5 Be5 19. Ne3 Bd7 20. Nc4 Bf6
21. Qf4 Qe6 22. Qe4 Rb8 23. b3 Qxe4 24. Bxe4 Be6 25. Bd3 Rd8 26. Ne3 g6 27. Kf1
h5 28. Ke2 Re8 29. Kf1 Kg7 30. Rd1 Bd4 31. Nc4 Bxc4 32. Bxc4 h4 33. Rd3 g5 34.
h3 f6 35. Bd5 Re7 36. b4 Be5 37. bxc5 Rc7 38. c6 Bd6 39. c4 Kf8 40. Rb3 Bc5 41.
g3 hxg3 42. fxg3 Ke7 43. Kg2 Kd6 44. a4 Bb6 45. Kf3 f5 46. Rb1 Re7 47. Rb3 Rh7
48. Kg2 Re7 49. Bf3 Re3 50. Rxe3 Bxe3 51. Bd5 Bb6 52. Kf3 Bd8 53. Ke3 Kc5 54.
Kd3 Bc7 55. g4 f4 56. Ke4 Kb4 57. Kf5 Kxa4 58. h4 gxh4 59. g5 Kb4 60. g6 a5 1-0

[Event "Frankfurt Ch 2013"]
[Site "Ffm-Kalbach, LAZ"]
[Date "2013.05.13"]
[Round "3.43"]
[White "Annen, Oliver"]
[Black "Rennhack, Peer"]
[Result "1/2-1/2"]
[WhiteElo "1632"]
[BlackElo "1819"]
[PlyCount "139"]
[EventDate "2013.??.??"]
[WhiteTeam "SK Bad Homburg 1927"]
[BlackTeam "Frankfurter TV 1860"]

1. d4 Nf6 2. Nf3 g6 3. Bf4 Bg7 4. h3 c5 5. c3 Qb6 6. Qc2 Nc6 7. e3 d6 8. Bd3
O-O 9. O-O Re8 10. Nbd2 d5 11. dxc5 Qxc5 12. Nb3 Qb6 13. Ne5 Nh5 14. Nxc6 bxc6
15. Bh2 c5 16. Be2 Bf5 17. Qc1 Nf6 18. Be5 Rac8 19. Rd1 Qe6 20. Bxf6 Qxf6 21.
Rxd5 Be4 22. Rxc5 Rxc5 23. Nxc5 Bxg2 24. Kxg2 Qg5+ 25. Kh2 Qxc5 26. Qd2 Rb8 27.
Rb1 Bxc3 28. Qc1 Be5+ 29. Kg2 Qd5+ 30. Bf3 Qxa2 31. Ra1 Qe6 32. Rxa7 Rxb2 33.
Ra8+ Rb8 34. Rxb8+ Bxb8 35. Qc5 Bd6 36. Qd4 Be5 37. Qd5 Qf6 38. Qe4 h5 39. Kg1
Bd6 40. Qa8+ Kg7 41. Qe4 Qa1+ 42. Kg2 Be5 43. Be2 Bf6 44. Qf3 Qe1 45. Bc4 e6
46. Qb7 Bh4 47. Qf3 Qa5 48. Bd3 Bd8 49. Qf4 Bc7 50. Qd4+ Be5 51. Qe4 Bf6 52.
Qf3 Qd2 53. Be4 Bh4 54. Bb7 Qb2 55. Bc6 f5 56. Ba8 Qa2 57. Bc6 g5 58. Bb5 g4
59. hxg4 hxg4 60. Qe2 Qd5+ 61. Kg1 Kg6 62. Be8+ Kg5 63. Qb2 e5 64. Qb6 Qd1+ 65.
Kh2 g3+ 66. Kg2 Qd5+ 67. Kf1 g2+ 68. Kg1 Qd1+ 69. Kxg2 Qg4+ 70. Kf1 1/2-1/2

[Event "Frankfurt Ch 2013"]
[Site "Ffm-Kalbach, LAZ"]
[Date "2013.05.13"]
[Round "3.44"]
[White "Fröhlich-Dill, Astrid"]
[Black "Kletzerman, Simon"]
[Result "1-0"]
[WhiteElo "1816"]
[BlackElo "1504"]
[PlyCount "69"]
[EventDate "2013.??.??"]
[WhiteTeam "SV 1920 Hofheim"]
[BlackTeam "TuS Makkabi Ffm"]

1. d4 Nf6 2. c4 d5 3. Nc3 g6 4. Nf3 Bg7 5. Bf4 c6 6. e3 Nh5 7. Be5 f6 8. Bxb8
Rxb8 9. cxd5 O-O 10. dxc6 bxc6 11. Bc4+ Kh8 12. Qc2 Bh6 13. O-O Ng7 14. Rad1 e6
15. Ne4 Qb6 16. b3 Ba6 17. Nc5 Bxc4 18. Qxc4 Qb5 19. Nd7 Qxc4 20. bxc4 Nf5 21.
Nxb8 Rxb8 22. Rb1 Re8 23. Rb7 Re7 24. Rfb1 Bf8 25. c5 e5 26. g4 Rxb7 27. Rxb7
Ne7 28. Rxa7 exd4 29. exd4 Kg8 30. a4 Nd5 31. h4 Be7 32. a5 Kf7 33. a6 Nb4 34.
Rxe7+ Kxe7 35. a7 1-0

[Event "Frankfurt Ch 2013"]
[Site "Ffm-Kalbach, LAZ"]
[Date "2013.05.13"]
[Round "3.45"]
[White "Stock, Jürgen"]
[Black "Mongi, Mario"]
[Result "1-0"]
[WhiteElo "1799"]
[BlackElo "1354"]
[PlyCount "51"]
[EventDate "2013.??.??"]
[WhiteTeam "SC Eschborn 1974"]
[BlackTeam "Sfr. Frankfurt 1921"]

1. d4 Nf6 2. c3 g6 3. Bg5 Bg7 4. Nd2 d5 5. e3 b6 6. Bd3 O-O 7. Qe2 Bb7 8. f4
Qc8 9. Ngf3 Ba6 10. O-O Bxd3 11. Qxd3 Nbd7 12. f5 e5 13. dxe5 Nc5 14. Qc2 Ng4
15. b4 Nxe3 16. Bxe3 Nd7 17. e6 fxe6 18. fxg6 h6 19. Nd4 Ne5 20. Rxf8+ Kxf8 21.
Rf1+ Ke7 22. N2f3 Ng4 23. Nc6+ Kd6 24. Bd4 Bxd4+ 25. Nfxd4 Ne3 26. Qf2 1-0

[Event "Frankfurt Ch 2013"]
[Site "Ffm-Kalbach, LAZ"]
[Date "2013.05.13"]
[Round "3.46"]
[White "Popp, Matthias"]
[Black "Barisch, Florian"]
[Result "0-1"]
[WhiteElo "1514"]
[BlackElo "1797"]
[PlyCount "38"]
[EventDate "2013.??.??"]
[WhiteTeam "SC Bergen-Enkheim 1922"]
[BlackTeam "SV 1934 Ffm-Griesheim"]

1. d4 Nf6 2. Nf3 d5 3. Bf4 e6 4. e3 c5 5. Nbd2 Nc6 6. c3 Bd6 7. Bd3 O-O 8. b3
Bxf4 9. exf4 cxd4 10. Qc2 dxc3 11. Qxc3 Qd6 12. g3 Bd7 13. h4 Rac8 14. a3 d4
15. Qb2 e5 16. Nc4 Qd5 17. O-O Qxf3 18. Be2 Qd5 19. fxe5 Bh3 0-1

[Event "Frankfurt Ch 2013"]
[Site "Ffm-Kalbach, LAZ"]
[Date "2013.05.13"]
[Round "3.47"]
[White "Crnjac, Zdravko"]
[Black "Kretner, Georg-Ulrich"]
[Result "0-1"]
[WhiteElo "1478"]
[BlackElo "1796"]
[PlyCount "64"]
[EventDate "2013.??.??"]
[WhiteTeam "TSG Nieder-Erlenbach 1888"]
[BlackTeam "SC Bad Nauheim"]

1. e4 g6 2. d4 Bg7 3. Be3 d6 4. Nc3 Nf6 5. Nf3 c6 6. Be2 O-O 7. Qd2 b5 8. Bd3
a6 9. Ne2 Nbd7 10. Ng3 c5 11. c3 Bb7 12. h4 Ng4 13. h5 Nxe3 14. Qxe3 c4 15. Bc2
e5 16. d5 Bc8 17. Ng5 Nc5 18. hxg6 hxg6 19. O-O-O a5 20. Nf5 gxf5 21. Qh3 Qxg5+
22. Kb1 Re8 23. Qh7+ Kf8 24. exf5 e4 25. g4 b4 26. Rdg1 bxc3 27. Qh2 Ra6 28.
Qg2 Rb6 29. f4 exf3 30. Qxf3 Rxb2+ 31. Ka1 Rxc2 32. f6 Rxa2+ 0-1

[Event "Frankfurt Ch 2013"]
[Site "Ffm-Kalbach, LAZ"]
[Date "2013.05.13"]
[Round "3.48"]
[White "Weber, Samuel"]
[Black "Liebske, Reiner"]
[Result "0-1"]
[WhiteElo "1504"]
[BlackElo "1671"]
[PlyCount "68"]
[EventDate "2013.??.??"]
[WhiteTeam "SC Flörsheim 1921"]
[BlackTeam "SV Frankfurt Nord 1926"]

1. e4 c5 2. d4 cxd4 3. c3 d5 4. exd5 Qxd5 5. cxd4 Nc6 6. Nf3 e5 7. Nc3 Bb4 8.
Bd2 Bxc3 9. Bxc3 Bg4 10. Be2 e4 11. Ne5 Bxe2 12. Qxe2 Nf6 13. O-O O-O 14. Rfd1
Rac8 15. b3 b5 16. h3 Rc7 17. b4 Rfc8 18. Rac1 Nxb4 19. Rb1 Nxa2 20. Ba5 Rc2
21. Qxb5 e3 22. Qxd5 exf2+ 23. Kf1 Nxd5 24. Ng4 Nac3 25. Bxc3 Nxc3 26. Ne3 Re2
27. Rdc1 Rxe3 28. Rb3 Re1+ 29. Rxe1 fxe1=Q+ 30. Kxe1 Kf8 31. Kd2 Nd5 32. g3 Ke7
33. Kd3 Kd6 34. Ra3 Rc7 0-1

[Event "Frankfurt Ch 2013"]
[Site "Ffm-Kalbach, LAZ"]
[Date "2013.05.13"]
[Round "3.49"]
[White "Staeger, Tim"]
[Black "Paulsen, Alexej"]
[Result "1/2-1/2"]
[WhiteElo "1563"]
[BlackElo "1665"]
[PlyCount "76"]
[EventDate "2013.??.??"]
[WhiteTeam "Sfr. Frankfurt 1921"]
[BlackTeam "TuS Makkabi Ffm"]

1. e4 Nf6 2. e5 Nd5 3. d4 d6 4. c4 Nb6 5. exd6 cxd6 6. Nf3 Bg4 7. Be2 Nc6 8.
O-O g6 9. b3 Bg7 10. Bb2 O-O 11. Nbd2 e5 12. d5 Ne7 13. Ng5 Bxe2 14. Qxe2 Nexd5
15. Nde4 Nf4 16. Qd1 f5 17. g3 Nh3+ 18. Nxh3 fxe4 19. Ba3 Qd7 20. Kg2 Rfd8 21.
Qe2 Qc6 22. Kg1 d5 23. cxd5 Qxd5 24. Rfd1 Qc6 25. Rac1 Rxd1+ 26. Rxd1 Rc8 27.
Ng5 Bh6 28. Rc1 Qxc1+ 29. Bxc1 Rxc1+ 30. Kg2 Bxg5 31. Qxe4 Rc6 32. Qxe5 Bf6 33.
Qb8+ Nc8 34. Qxb7 Rc3 35. Qd5+ Kg7 36. Qd7+ Kg8 37. Qe8+ Kg7 38. Qd7+ Kg8
1/2-1/2

[Event "Frankfurt Ch 2013"]
[Site "Ffm-Kalbach, LAZ"]
[Date "2013.05.13"]
[Round "3.50"]
[White "Lessmann, Sven"]
[Black "Brauer, Frank"]
[Result "0-1"]
[WhiteElo "1371"]
[BlackElo "1657"]
[PlyCount "82"]
[EventDate "2013.??.??"]
[WhiteTeam "SC Bad Soden"]
[BlackTeam "TuS Makkabi Ffm"]

1. d4 Nf6 2. Nf3 d5 3. c4 e6 4. Nc3 c5 5. e3 Nc6 6. Be2 Bd6 7. O-O O-O 8. a3 a6
9. dxc5 Bxc5 10. b4 Bd6 11. c5 Bc7 12. Ra2 e5 13. Rd2 Be6 14. Ng5 h6 15. Nxe6
fxe6 16. Bf3 Qe7 17. g3 e4 18. Bg2 Ne5 19. Ne2 Nc4 20. Rc2 Ng4 21. Nf4 Nge5 22.
Kh1 Qf7 23. Bh3 Rae8 24. Qe2 g5 25. Rg1 Nf3 26. Rg2 Kh7 27. Nxe6 Rxe6 28. Rxc4
dxc4 29. Qxc4 Re7 30. Qc3 Rd8 31. Qc2 Qd5 32. Rg1 Nxg1 33. Kg2 Nf3 34. Qb2 Ne1+
35. Kg1 Nd3 36. Qf6 Nxc1 37. Qxe7+ Kg6 38. Qxc7 Qd1+ 39. Kg2 Qf3+ 40. Kg1 Rd1+
41. Bf1 Ne2# 0-1

[Event "Frankfurt Ch 2013"]
[Site "Ffm-Kalbach, LAZ"]
[Date "2013.05.13"]
[Round "3.51"]
[White "Imelmann, Esther"]
[Black "Jähnert, Wolfgang"]
[Result "1-0"]
[WhiteElo "1640"]
[BlackElo "1551"]
[PlyCount "114"]
[EventDate "2013.??.??"]
[WhiteTeam "SC 1961 König Nied"]
[BlackTeam "Bad Vilbeler Sfr.1985"]

1. d4 Nf6 2. Nf3 g6 3. c4 d5 4. cxd5 Qxd5 5. Nc3 Qd8 6. e4 c6 7. Bc4 Bg4 8.
Bxf7+ Kxf7 9. Ne5+ Kg7 10. Nxg4 Nxg4 11. Qxg4 Qxd4 12. Bf4 Nd7 13. Rd1 Nf6 14.
Qxg6+ Kxg6 15. Rxd4 Bg7 16. Be5 Rhd8 17. Ke2 Rxd4 18. Bxd4 b6 19. f3 Rd8 20.
Be5 Rd7 21. g4 Bh6 22. Rd1 Rxd1 23. Nxd1 Nd7 24. Bc7 Bg7 25. b3 e5 26. Bd8 Bh6
27. h4 Bf8 28. Ne3 Kf7 29. h5 Ke8 30. Bg5 Be7 31. Bxe7 Kxe7 32. Nf5+ Kf6 33.
Ke3 a5 34. f4 exf4+ 35. Kxf4 c5 36. g5+ Ke6 37. Ne3 Ne5 38. Nc4 Nd3+ 39. Ke3
Nc1 40. Nxb6 Nxa2 41. Nc4 Nb4 42. Nxa5 Nc2+ 43. Kf4 Nd4 44. g6 hxg6 45. hxg6
Kf6 46. g7 Kxg7 47. Ke5 Kf7 48. Kd5 Ne6 49. e5 Ke7 50. Nc6+ Kd7 51. Na5 Nf4+
52. Ke4 Ne6 53. Kf5 Nd4+ 54. Kf6 Ke8 55. e6 Nb5 56. Nb7 c4 57. bxc4 Nc7 1-0